Statistics for Counting 1 to 20 in Dutch

Click here to take the quiz!

General Stats

  • This quiz has been taken 43 times
  • The average score is 19 of 20

Answer Stats

Hint Answer % Correct
1Een
100%
8Acht
100%
2Twee
100%
4Vier
100%
11Elf
97%
5Vijf
97%
3Drie
97%
6Zes
94%
7Zeven
94%
9Negen
94%
10Tien
94%
12Twaalf
94%
13Dertien
94%
15Vijftien
94%
16Zestien
94%
17Zeventien
94%
19Negentien
94%
14Veertien
92%
20Twintig
92%
18Achttien
89%

Score Distribution

Percentile by Number Answered

Percent of People with Each Score

Your Score History

You have not taken this quiz